[Event "Kecskemet op"]
[Site "Kecskemet"]
[Date "1988.??.??"]
[Round "?"]
[White "Enders, Peter"]
[Black "Vokac, Marek"]
[Result "1-0"]
[WhiteElo "2430"]
[BlackElo "2410"]

1.e4 c5 2.Nf3 e6 3.d4 cxd4 4.Nxd4 Nc6 5.Nc3 a6 6.Be2 Nge7 7.O-O Nxd4 8.Qxd4 Nc6
9.Qd3 Qc7 10.f4 b5 11.Kh1 Bb7 12.Be3 Be7 13.Rad1 d6 14.Bg4 O-O 15.a3 b4 16.axb4 Nxb4
17.Qe2 Rfe8 18.f5 exf5 19.Bxf5 g6 20.Bd4 Bf8 21.Qf2 Qe7 22.Bd7 Reb8 23.Ba4 Bc8
24.e5 d5 25.Bc5 Qe6 26.Bxf8 Kxf8 27.Bb3 Qe7 28.Bxd5 Ra7 29.Bxf7 Bf5 30.Be6 Kg7
31.Bxf5 Rf8 32.Qg3 Nc6 33.Bh3 Rxf1+ 34.Rxf1 Qxe5 35.Qxe5+ Nxe5 36.Re1 Nc4
37.Na4 Rc7 38.Kg1 h5 39.b3 Nd2 40.c4 Nxb3 41.Be6 h4 42.Bd5 Kf6 43.Re3 Nd4
44.Re4 Nf5 45.c5 Rd7 46.Nb6 Rc7 47.c6 Ne7 48.Nd7+  1-0

[Event "Kecskemet"]
[Site "Kecskemet"]
[Date "1988.??.??"]
[Round "?"]
[White "Klundt, Klaus"]
[Black "Bischoff, Klaus"]
[Result "1/2-1/2"]
[WhiteElo "2410"]
[BlackElo "2510"]

1.e4 e6 2.d4 c5 3.Nf3 cxd4 4.Nxd4 Nc6 5.Nc3 Qc7 6.g3 a6 7.Bg2 d6 8.O-O Bd7
9.Re1 Be7 10.Nxc6 Bxc6 11.a4 b6 12.Qd4 Nf6  1/2-1/2

[Event "URS-FL56"]
[Site "Klaipeda"]
[Date "1988.??.??"]
[Round "?"]
[White "Smirin, Ilia"]
[Black "Lukin, Andrei M"]
[Result "1/2-1/2"]
[WhiteElo "2500"]
[BlackElo "2430"]

1.e4 c5 2.Nf3 Nc6 3.d4 cxd4 4.Nxd4 e6 5.Nc3 d6 6.Be2 Nf6 7.O-O Be7 8.Be3 O-O
9.f4 e5 10.fxe5 dxe5 11.Nf5 Bxf5 12.Rxf5 Qxd1+ 13.Rxd1 Rac8 14.Kh1 g6 15.Rff1 Kg7
16.h3 a6 17.g4 h6 18.Kg2 Nb4 19.Rd2 Rfd8 20.Rfd1 Rxd2 21.Rxd2 Rd8 22.Rxd8 Bxd8
23.Bd1 Nc6 24.a3 Nd4 25.Bf2 h5 26.Bg3 hxg4 27.Bxe5 gxh3+ 28.Kxh3 Nc6 29.Bh2 Nd7
30.Bg4 Nce5 31.Bxe5+ Nxe5 32.Bc8 Nc4 33.Bxb7 Nxb2 34.Bxa6 Kf6 35.Kg4 Ke5
36.Kf3 Ba5 37.Ne2 f5 38.exf5 gxf5 39.Bb5 Nd1 40.Bd3 Nc3 41.Nc1 Nb1 42.a4 Bb4
43.Bb5 Kd4 44.Ne2+ Kc5 45.Bd7 Bd2 46.Ng3  1/2-1/2

[Event "Kobanya op"]
[Site "Kobanya"]
[Date "1988.??.??"]
[Round "?"]
[White "Schoch, Heinz"]
[Black "Adler, Joel"]
[Result "1/2-1/2"]
[WhiteElo "2235"]
[BlackElo "2290"]

1.e4 c5 2.Nf3 Nc6 3.d4 cxd4 4.Nxd4 e6 5.Nc3 a6 6.Be2 Qc7 7.O-O Nf6 8.Kh1 Bb4
9.Nxc6 bxc6 10.Na4 Be7 11.Bd3 c5 12.c4 Bb7 13.Nc3 O-O 14.f4 d6 15.Qe2 Nd7
16.Bd2 Bf6 17.Rf3 g6 18.Rh3 Rfe8 19.Re1 Rad8 20.Qg4 Nb8 21.Qg3 Nc6 22.Nd1 Qe7
23.Bc3 Bxc3 24.bxc3 Qf6 25.Nf2 Qxc3 26.Ng4 f5 27.Nh6+ Kf8 28.Qh4 Qg7 29.Rb1 Nb4
30.exf5 exf5 31.Nxf5 gxf5 32.Rg3 Rd7 33.Rxg7 Rxg7 34.Bf1 Be4 35.Rb3 Rg4 36.Qf6+ Kg8
37.Rg3 Bd3 38.Rxg4+ fxg4 39.Qg5+ Kf8  1/2-1/2

[Event "Kobanya op"]
[Site "Kobanya"]
[Date "1988.??.??"]
[Round "?"]
[White "Franzoni, Giancarlo"]
[Black "Birnboim, Nathan"]
[Result "1/2-1/2"]
[WhiteElo "2435"]
[BlackElo "2365"]

1.e4 c5 2.Nc3 Nc6 3.Nge2 e6 4.d4 cxd4 5.Nxd4 Nf6 6.Be2 Bb4 7.O-O Bxc3 8.bxc3 Nxe4
9.Bd3 d5 10.Ba3 Qa5 11.Nb5 a6 12.Nd6+ Nxd6 13.Bxd6 Qd8 14.Ba3 Qa5 15.Bd6 Qd8
16.Ba3  1/2-1/2

[Event "BKL-Turnier"]
[Site "Leipzig"]
[Date "1988.??.??"]
[Round "?"]
[White "Perenyi, Bela"]
[Black "Tischbierek, Raj"]
[Result "1/2-1/2"]
[WhiteElo "2370"]
[BlackElo "2500"]

1.e4 c5 2.Nf3 Nc6 3.d4 cxd4 4.Nxd4 e6 5.Nc3 Qc7 6.Nxc6 bxc6 7.Bd3 Nf6 8.O-O d5
9.Re1 Be7 10.e5 Nd7 11.Qg4 g6 12.Qg3 O-O 13.Bh6 Re8 14.h4 Bf8 15.Bxf8 Nxf8
16.Na4 Rb8 17.b3 c5 18.c4 d4 19.Nb2 a5 20.Bc2 Bb7 21.h5 Qe7 22.Nd3 Kh8 23.f3 a4
24.Kf2 axb3 25.axb3 Ra8 26.Rh1 Rxa1 27.Rxa1 Ra8 28.Rxa8 Bxa8 29.h6 Kg8 30.Ke2 Nd7
31.Qf4 Bb7 32.Kd1 Kf8 33.Kc1 Ke8 34.Kb2 Qd8 35.Qd2 Qe7 36.Qe1 Qd8 37.Qd2 Qe7
38.Qe1 Qd8 39.Qg3 Qa5 40.Qf4 Bc6 41.Kb1 Qb6 42.Qd2 Bb7 43.Qe1 Ba6 44.Kc1 Bb7
45.Nf2 Qc7 46.Ng4 Qb6 47.Kb2 Ba6 48.Bd3 Bb7 49.Bc2 Ba6 50.Bd3  1/2-1/2

[Event "BKL-Turnier"]
[Site "Leipzig"]
[Date "1988.??.??"]
[Round "?"]
[White "Tischbierek, Raj"]
[Black "Gruenberg, Hans Ulrich"]
[Result "1/2-1/2"]
[WhiteElo "2500"]
[BlackElo "2465"]

1.e4 c5 2.Nc3 Nc6 3.Nge2 e6 4.d4 cxd4 5.Nxd4 Nf6 6.Ndb5 d6 7.Bf4 e5 8.Bg5 a6
9.Na3 b5 10.Bxf6 gxf6 11.Nd5 Bg7 12.g3 Ne7 13.Bg2 Nxd5 14.Qxd5 Be6 15.Qc6+ Ke7
16.Qb7+ Qd7 17.Qxd7+ Kxd7 18.c3 b4 19.cxb4 Rab8 20.O-O Rxb4 21.b3 Rc8 22.Rfc1 Rxc1+
23.Rxc1 Bh6 24.Rd1 a5 25.Nc2 Rb8 26.Bf1 Bg4 27.Rd5 Rc8 28.Ne3 Rc1 29.Kg2 Ra1
30.Nc4 Rxa2 31.Rxd6+ Ke7 32.Ra6 Be6 33.Ra7+ Kf8 34.Rxa5 Rxa5 35.Nxa5 Bd2
36.Nc4 Bc3 37.Bd3 Ke7 38.Kf3 Kd8 39.Ke3 Kc7 40.Bf1 Bd4+ 41.Kf3 Bc5 42.Bd3 Kc6
43.Ke2 Bb4 44.f4 exf4 45.gxf4 Bg4+ 46.Kf2 Bd1 47.Ne3 Bxb3 48.Bc4 Bxc4 49.Nxc4 Kb5
50.Nb2 Bc3 51.Nd3 Kc4 52.Nc1 Bd2 53.Ne2 h5  1/2-1/2

[Event "Liechtenstein op"]
[Site "Liechtenstein"]
[Date "1988.??.??"]
[Round "?"]
[White "Hector, Jonny"]
[Black "Simon, Ralf Axel"]
[Result "1-0"]
[WhiteElo "2400"]
[BlackElo "2280"]

1.e4 c5 2.Nc3 Nc6 3.Nge2 e6 4.d4 cxd4 5.Nxd4 a6 6.f4 d6 7.Nxc6 bxc6 8.Bd3 e5
9.O-O Nf6 10.Qe1 Be7 11.fxe5 dxe5 12.Qg3 O-O 13.h3 Qc7 14.Bc4 a5 15.Be3 a4
16.a3 Be6 17.Bxe6 fxe6 18.Rad1 Rab8 19.Bc1 Bc5+ 20.Kh1 Kh8 21.Rd3 Rb7 22.Qh4 Bd4
23.Ne2 Bxb2 24.Bg5 Nd5 25.exd5 cxd5 26.Rdf3 Kg8 27.Qxa4 Rc8 28.Qg4 Qc6 29.Rg3 Rf8
30.Rxf8+ Kxf8 31.Bf6 g6 32.c3  1-0

[Event "Linares"]
[Site "Linares"]
[Date "1988.??.??"]
[Round "?"]
[White "Nunn, John DM"]
[Black "Illescas Cordoba, Miguel"]
[Result "1/2-1/2"]
[WhiteElo "2615"]
[BlackElo "2495"]

1.e4 c5 2.Nf3 e6 3.d4 cxd4 4.Nxd4 Nc6 5.Nc3 Qc7 6.f4 a6 7.Be2 b5 8.Nxc6 Qxc6
9.Bf3 Bb7 10.Be3 Rc8 11.a3 Qc4 12.Qd3 Nf6 13.O-O Bc5 14.Bxc5 Qxd3 15.cxd3 Rxc5
16.Rac1 O-O 17.Nd5 d6 18.b4 Rxc1 19.Nxf6+ gxf6 20.Rxc1 Rc8 21.Rxc8+ Bxc8
22.Kf2 Kf8 23.Ke3 Ke7 24.d4 Bb7 25.e5 Bxf3 26.Kxf3 fxe5 27.fxe5 f6 28.exf6+ Kxf6
29.Kf4 Kg6 30.Kg4 Kf6 31.Kf4 Kg6 32.g4 Kh6 33.h4  1/2-1/2

[Event "Linares"]
[Site "Linares"]
[Date "1988.??.??"]
[Round "?"]
[White "Timman, Jan H"]
[Black "Illescas Cordoba, Miguel"]
[Result "1-0"]
[WhiteElo "2675"]
[BlackElo "2495"]

1.e4 c5 2.Nf3 e6 3.d4 cxd4 4.Nxd4 Nc6 5.Nc3 Qc7 6.Be3 a6 7.Bd3 Nf6 8.O-O Ne5
9.h3 Bc5 10.Qe2 d6 11.f4 Ng6 12.Nb3 Bxe3+ 13.Qxe3 b5 14.a3 O-O 15.Rad1 Bb7
16.Rf2 Rad8 17.Rfd2 e5 18.f5 Nf4 19.Bf1 d5 20.Qc5 Qb8 21.exd5 Rd6 22.Na5 Rc8
23.Nc6 Qc7 24.Bxb5 axb5 25.Nxb5 Ne4 26.Qe3 Nxd2 27.Nxc7 Nc4 28.Ne7+ Kf8 29.Nxc8 Nxe3
30.Nxd6 Nxd1 31.Nxb7 Nxb2 32.d6  1-0

[Event "Lloyds Bank op"]
[Site "London"]
[Date "1988.??.??"]
[Round "?"]
[White "Kosten, Anthony C"]
[Black "Akesson, Ralf"]
[Result "1-0"]
[WhiteElo "2510"]
[BlackElo "2430"]

1.e4 c5 2.Nf3 e6 3.d4 cxd4 4.Nxd4 Nc6 5.Nc3 a6 6.f4 Qc7 7.Nxc6 bxc6 8.Bd3 d5
9.O-O Nf6 10.Qe2 Be7 11.Bd2 c5 12.b3 Bb7 13.exd5 exd5 14.Rae1 c4 15.bxc4 dxc4
16.Bxc4 O-O-O 17.Qxe7 Qxc4 18.Re5 Nd5 19.Nxd5 Rxd5 20.Qxf7 Rhd8 21.Qf5+ Kb8
22.Rxd5 Bxd5 23.Be3 Bb7 24.h3 Qxa2 25.Qxh7 Qe6 26.Bf2 g6 27.Qh4 Rc8 28.f5 Qc6
29.Qg3+ Ka8 30.fxg6 Rg8 31.g7 Qd7 32.Be3  1-0

[Event "Lloyds Bank op"]
[Site "London"]
[Date "1988.??.??"]
[Round "?"]
[White "Rogers, Ian"]
[Black "Small, Vernon A"]
[Result "1/2-1/2"]
[WhiteElo "2540"]
[BlackElo "2340"]

1.e4 c5 2.Nf3 e6 3.d4 cxd4 4.Nxd4 Nc6 5.Nc3 d6 6.Be3 Nf6 7.f4 Be7 8.Qf3 O-O
9.O-O-O Qc7 10.g4 Nxd4 11.Bxd4 e5 12.fxe5 dxe5 13.Qg3 Nxg4 14.Nd5 Qd8 15.Nxe7+ Qxe7
16.Bc3 Qc5 17.Rg1 Qe3+ 18.Rd2 Be6 19.h3 Qxg3 20.Rxg3 Nh6 21.Rdg2 g6 22.Bxe5 a6
23.Bf6 Rfc8 24.b3 Rc6 25.Rf2 Kf8 26.Bd3 Ng8 27.Bb2 Rd8 28.Kb1 Ke8 29.Rgf3 Rd7
30.a4 Ne7 31.h4 Rc5 32.Rf4 Nc6 33.Ba3 Rc3 34.Bb2 Rc5 35.Rf6 Rh5 36.Ba3 Rd4
37.R2f4 Ne5 38.Be2 Nd7 39.Bb2 Rd2 40.Rxe6+ fxe6 41.Bxh5 gxh5 42.e5 Rd5 43.Rb4 b5
44.c4 bxc4 45.Rxc4 Rc5 46.Rb4 Rc7 47.Rd4 Rc6 48.Rd2 Rb6 49.Kc2 Rc6+ 50.Kb1 Rb6
51.Ka2 Nc5 52.Rc2 Nxb3 53.Rc7 Nd2 54.Bc3 Nf3 55.Ba5 Rb8 56.Rxh7 Rc8 57.Rh8+ Kd7
58.Rxh5 Rc4 59.Rh7+ Ke8 60.Kb3  1/2-1/2

[Event "Lugano op"]
[Site "Lugano"]
[Date "1988.??.??"]
[Round "?"]
[White "Anand, Viswanathan"]
[Black "Cramling, Pia"]
[Result "1/2-1/2"]
[WhiteElo "2520"]
[BlackElo "2435"]

1.e4 c5 2.Nf3 e6 3.d4 cxd4 4.Nxd4 Nc6 5.Nc3 Qc7 6.Be3 a6 7.f4 Nxd4 8.Qxd4 b5
9.a3 Bb7 10.Be2 Rc8 11.Bf3 h5 12.h3 h4 13.O-O Nf6 14.e5 Nh5 15.Bxh5 Rxh5
16.Rad1 Bc5 17.Qd3 Bxe3+ 18.Qxe3 Qc5 19.Rd4 f6 20.exf6 gxf6 21.Rfd1 Rh7 22.R1d2 f5
23.Qe2 Kf8 24.Kf1 Bc6 25.Ke1 Kg8 26.Qf2 a5 27.Nd1 Rg7 28.Ne3 Rg3 29.Nf1 Rxg2
30.Qxh4 Rg1 31.R4d3 b4 32.a4 Re8 33.Re2 Qe7 34.Qf2 Rg2 35.Qd4 Qh4+ 36.Kd2 Rg7
37.Ne3 Be4 38.Ng4 fxg4 39.Qxe4 gxh3 40.Rh2 Rf8 41.Rdxh3 Qxf4+ 42.Qxf4 Rxf4
43.Rh5 Rf5 44.Rxf5 exf5 45.Rf2 Rg5 46.c3 bxc3+ 47.Kxc3 Kf7 48.b4 axb4+ 49.Kxb4 Ke6
50.a5 Rg1  1/2-1/2

[Event "Lvov"]
[Site "Lvov"]
[Date "1988.??.??"]
[Round "?"]
[White "Kupreichik, Viktor D"]
[Black "Kotronias, Vasilios"]
[Result "1-0"]
[WhiteElo "2510"]
[BlackElo "2465"]

1.e4 c5 2.Nf3 e6 3.Nc3 Nc6 4.d4 cxd4 5.Nxd4 Qc7 6.f4 a6 7.Be2 Nxd4 8.Qxd4 b5
9.Be3 Bb7 10.O-O-O Rc8 11.Rd2 Nf6 12.Bf3 b4 13.Na4 Qc4 14.b3 Qxd4 15.Rxd4 d5
16.exd5 Bxd5 17.Nb6 Bxf3 18.Nxc8 Bxg2 19.Re1 Nd5 20.Rd2 Bf3 21.f5 Kd8 22.Nb6 Kc7
23.fxe6 fxe6 24.Rf2 Bh5 25.Nxd5+ exd5 26.Rf5 Bg6 27.Rxd5 Bd6 28.Red1 Bxh2
29.Rc5+ Kb8 30.Rd4 Ka8 31.Rc6 Re8 32.Rxb4  1-0

[Event "Madrid rapid"]
[Site "Madrid"]
[Date "1988.??.??"]
[Round "8"]
[White "Dolmatov, Sergey"]
[Black "Illescas Cordoba, Miguel"]
[Result "1/2-1/2"]
[WhiteElo "2565"]
[BlackElo "2495"]

1.e4 c5 2.Nf3 e6 3.d4 cxd4 4.Nxd4 Nc6 5.Nc3 Qc7 6.Be2 a6 7.O-O Nf6 8.Be3 b5
9.Nxc6 dxc6 10.a3 Bb7 11.f4 Rd8 12.Qe1 c5 13.e5 Nd5 14.Nxd5 exd5 15.Qg3 d4
16.Bd2 c4 17.Kh1 h5 18.Bf3 h4 19.Qh3 Bxf3 20.Rxf3 Be7 21.Re1 Rd5 22.Qf5 Qd7
23.Qe4 h3 24.f5 hxg2+ 25.Kxg2 Rh4 26.Rf4 Rxf4 27.Bxf4 Qc6 28.e6 Rc5 29.Qxc6+ Rxc6
30.Be5 fxe6 31.Bxg7 exf5 32.Bxd4 Kf7 33.Kf3 Rh6 34.Re2 Bd6 35.Bg1 Kf6 36.Bd4+ Kf7
37.Bg1 Kf6 38.Bd4+ Kf7 39.Bg1 Kf6  1/2-1/2

[Event "Montpellier"]
[Site "Montpellier"]
[Date "1988.??.??"]
[Round "8"]
[White "Hebden, Mark"]
[Black "Pira, Davoud"]
[Result "1-0"]
[WhiteElo "2475"]
[BlackElo "2330"]

1.e4 c5 2.Nc3 e6 3.Nf3 Nc6 4.d4 cxd4 5.Nxd4 Qc7 6.g3 a6 7.Bg2 d6 8.O-O Bd7
9.b3 Nxd4 10.Qxd4 Be7 11.Bb2 Bf6 12.Qb4 Rc8 13.e5 dxe5 14.Rad1 a5 15.Qxb7 Qxb7
16.Bxb7 Rc7 17.Rxd7 Kxd7 18.Rd1+ Ke8 19.Nb5 Rxc2 20.Nd6+ Kf8 21.Ba3 Be7 22.Nf5 Ke8
23.Ba6 f6 24.Bb5+ Kf7 25.Nxe7 Rxa2 26.Nc6 Rxa3 27.Nd8+ Kg6 28.Be8+ Kf5 29.Nf7 Nh6
30.Nxh8 Rxb3 31.Nf7 Nxf7 32.Bxf7 a4 33.Rd6 Rb1+ 34.Kg2 a3 35.Bxe6+ Ke4 36.Ra6 Ra1
37.Ra7 g6 38.Rxh7 Rc1 39.Ra7 Rc3 40.h4 Kd4  1-0

[Event "Montpellier"]
[Site "Montpellier"]
[Date "1988.??.??"]
[Round "11"]
[White "Pira, Davoud"]
[Black "Simic, Radoslav"]
[Result "0-1"]
[WhiteElo "2330"]
[BlackElo "2515"]

1.e4 c5 2.Nf3 Nc6 3.Nc3 e6 4.d4 cxd4 5.Nxd4 d6 6.Be2 Nf6 7.O-O Be7 8.f4 O-O
9.Kh1 Bd7 10.Be3 a6 11.Qe1 b5 12.a3 Qb8 13.Qg3 b4 14.axb4 Qxb4 15.Rfd1 Qxb2
16.Na4 Qb7 17.Rdb1 Qc7 18.Nb6 Rab8 19.Nxd7 Qxd7 20.Qf3 Nxd4 21.Bxd4 Qc7 22.Bd3 Nd7
23.h3 a5 24.f5 Bf6 25.Bxf6 Nxf6 26.Rxb8 Rxb8 27.fxe6 fxe6 28.Qg3 Qc5 29.Rf1 Rf8
30.Rb1 g6 31.Rb5 Qd4 32.Rxa5 Nxe4 33.Bxe4 Rf1+  0-1

[Event "Montpellier"]
[Site "Montpellier"]
[Date "1988.??.??"]
[Round "12"]
[White "Hebden, Mark"]
[Black "Vincent, Stephane"]
[Result "0-1"]
[WhiteElo "2475"]
[BlackElo "2270"]

1.e4 c5 2.Nc3 e6 3.Nf3 Nc6 4.d4 cxd4 5.Nxd4 Nf6 6.Nxc6 bxc6 7.e5 Nd5 8.Ne4 Qc7
9.f4 Qb6 10.c4 Bb4+ 11.Ke2 f5 12.Nf2 Ne7 13.Nd3 d5 14.Be3 Qb8 15.Qa4 a5 16.c5 Ba6
17.Qc2 Bxd3+ 18.Qxd3 Bxc5 19.Bxc5 Qxb2+ 20.Kf3 Qxa1 21.Qb3 Kf7 22.Bxe7 Rhb8
23.Qa3 Rb1 24.Bg5 Rxf1+ 25.Kg3 Rxh1 26.Qe7+ Kg8 27.Qxe6+ Kh8 28.Qxc6 Rg8  0-1

[Event "Montpellier"]
[Site "Montpellier"]
[Date "1988.??.??"]
[Round "15"]
[White "Gachon, Lionel"]
[Black "Illescas Cordoba, Miguel"]
[Result "0-1"]
[WhiteElo "2305"]
[BlackElo "2495"]

1.e4 c5 2.Nf3 e6 3.d4 cxd4 4.Nxd4 Nc6 5.Nc3 Qc7 6.g3 a6 7.Bg2 Nf6 8.O-O Nxd4
9.Qxd4 Bc5 10.Bf4 d6 11.Qd2 h6 12.Na4 e5 13.Nxc5 dxc5 14.Be3 Ng4 15.Rad1 O-O
16.Rfe1 Be6 17.Qc3 Nxe3 18.Rxe3 Rad8 19.Red3 b5 20.a3 a5 21.Rxd8 Rxd8 22.Rxd8+ Qxd8
23.h3 Qd1+ 24.Kh2 Qd4 25.Qxa5 Qxb2 26.a4 bxa4 27.Qxa4 Qc1 28.h4 h5 29.Qe8+ Kh7
30.Qb8 Qxc2 31.Qxe5 Qxf2 32.Qxh5+ Kg8 33.Qg5 c4 34.e5 c3 35.h5 Qd2 36.Qh4 c2
37.Qa4 Bd5 38.Qe8+ Kh7  0-1

[Event "Naestved op"]
[Site "Naestved"]
[Date "1988.??.??"]
[Round "?"]
[White "Sax, Gyula"]
[Black "Akesson, Ralf"]
[Result "1/2-1/2"]
[WhiteElo "2600"]
[BlackElo "2430"]

1.e4 c5 2.Nf3 e6 3.d4 cxd4 4.Nxd4 Nc6 5.Nc3 a6 6.Nxc6 bxc6 7.Bd3 d5 8.O-O Nf6
9.Re1 Bb7 10.e5 Nd7 11.Na4 g6 12.c4 Bg7 13.f4 O-O 14.Be3 f6 15.Qb3 Rb8 16.Nc5 Bc8
17.Qc2 Nb6 18.exf6 Qxf6 19.Rab1 dxc4 20.Bxc4  1/2-1/2

[Event "Naestved op"]
[Site "Naestved"]
[Date "1988.??.??"]
[Round "8"]
[White "Sax, Gyula"]
[Black "Jasnikowski, Zbigniew"]
[Result "1-0"]
[WhiteElo "2600"]
[BlackElo "2425"]

1.e4 c5 2.Nf3 e6 3.d4 cxd4 4.Nxd4 Nc6 5.Nc3 d6 6.Be3 Nf6 7.Bc4 Be7 8.Bb3 a6
9.f4 O-O 10.O-O Nxd4 11.Bxd4 b5 12.e5 dxe5 13.fxe5 Nd7 14.Ne4 Bb7 15.Nd6 Bxd6
16.exd6 Qg5 17.Qe2 a5 18.c3 Ra6 19.Rad1 a4 20.Bc2 Rxd6 21.Be3 Qe5 22.Rxd6 Qxd6
23.Qxb5 Ba6 24.Qh5 g6 25.Rd1 Qc7 26.Qh4 a3 27.Qa4 axb2 28.Qxa6 Qxc3 29.Qe2 Rc8
30.Bb1 Qe5 31.Qd2 Qd5 32.Qxd5 exd5 33.Bd4  1-0

[Event "Naestved op"]
[Site "Naestved"]
[Date "1988.??.??"]
[Round "9"]
[White "Balzar, Andreas"]
[Black "Horvath, Tamas"]
[Result "1-0"]
[WhiteElo "2260"]
[BlackElo "2410"]

1.e4 c5 2.Nf3 e6 3.d4 cxd4 4.Nxd4 Nc6 5.Nc3 Nf6 6.Ndb5 d6 7.Bf4 e5 8.Bg5 a6
9.Na3 b5 10.Bxf6 gxf6 11.Nd5 f5 12.exf5 Bxf5 13.c3 Bg7 14.Nc2 O-O 15.Nce3 Be4
16.Be2 Kh8 17.O-O f5 18.f3 Bxd5 19.Nxd5 b4 20.Qa4 Ne7 21.Bc4 bxc3 22.bxc3 Bh6
23.Rab1 Nxd5 24.Bxd5 Be3+ 25.Kh1 Ra7 26.Rb2 Bc5 27.Rfb1 Qg5 28.Rb8 Rxb8  1-0

[Event "Naleczow"]
[Site "Naleczow"]
[Date "1988.??.??"]
[Round "2"]
[White "Przewoznik, Jan"]
[Black "Gdanski, Jacek"]
[Result "1/2-1/2"]
[WhiteElo "2370"]
[BlackElo "2395"]

1.e4 c5 2.Nf3 e6 3.d4 cxd4 4.Nxd4 Nc6 5.Nc3 Qc7 6.Be3 a6 7.Bd3 b5 8.O-O Bb7
9.a3 Nf6 10.Qe2 Be7 11.f4 d6 12.Rad1 O-O 13.f5 Nxd4 14.Bxd4 e5 15.Bf2 Rfe8
16.Bh4 Rad8 17.Kh1 Nd7 18.Bxe7 Rxe7 19.a4 b4 20.Nd5 Bxd5 21.exd5 a5 22.f6 Nxf6
23.Rxf6 e4 24.Rf2 exd3 25.Qxd3 Qc5 26.Rdf1 f6 27.h3 Rde8 28.Kh2 Re3 29.Qd2 R8e5
30.Rd1 R3e4 31.Kh1 f5 32.Rdf1 Rxd5 33.Qg5 h6 34.Qg6 Ree5 35.Kh2 Qc8 36.Kh1 Qd7
37.b3 Qf7 38.Qg3 Qe6 39.c4 bxc3 40.Qxc3 Kh7 41.b4 Re3 42.Qb2 axb4 43.Qxb4 Qe4
44.Qxe4 fxe4 45.Ra2 Ra5 46.Rd1 d5 47.Rad2 Rxa4 48.Rxd5 Ra2 49.R1d2 Rxd2 50.Rxd2 Rd3
51.Re2 Rd4 52.Rf2 Kg6 53.Rf4 Kg5 54.g3 Rd1+ 55.Kg2 e3 56.h4+ Kg6 57.Kf3 Rd3
58.Rg4+ Kh7 59.Re4 e2+ 60.Kf2 Ra3  1/2-1/2

[Event "New York op"]
[Site "New York"]
[Date "1988.??.??"]
[Round "?"]
[White "Ivanovic, Bozidar"]
[Black "Zapata, Alonso"]
[Result "1-0"]
[WhiteElo "2530"]
[BlackElo "2500"]

1.e4 c5 2.Nf3 e6 3.d4 cxd4 4.Nxd4 Nc6 5.Nc3 Qc7 6.Be2 a6 7.O-O Nf6 8.Kh1 Be7
9.f4 d6 10.Be3 O-O 11.Qe1 Nxd4 12.Bxd4 b5 13.e5 dxe5 14.fxe5 Nd7 15.Bf3 Bb7
16.Bxb7 Qxb7 17.Ne4 Qc7 18.Nf6+ gxf6 19.Qg3+  1-0

[Event "New York op"]
[Site "New York"]
[Date "1988.??.??"]
[Round "?"]
[White "Sherzer, Alex"]
[Black "San Segundo, Pablo"]
[Result "1/2-1/2"]
[WhiteElo "2330"]
[BlackElo "2340"]

1.e4 c5 2.Nf3 e6 3.d4 cxd4 4.Nxd4 Nc6 5.Nc3 Nf6 6.Nxc6 bxc6 7.e5 Nd5 8.Ne4 Qc7
9.f4 Qb6 10.Qf3 Be7 11.a3 f5 12.Nf2 Bc5 13.Nd3 Bd4 14.Bd2 Ba6 15.c3 Be3 16.O-O-O O-O
17.Nb4 Bxf1 18.Nxd5 Bxd2+ 19.Rxd2 cxd5 20.Rxf1 Rab8 21.Qf2 Qb3 22.Rc2 Rfc8
23.Qxa7 Qa2 24.Kd2 Rxb2 25.Rc1 Rxc2+ 26.Rxc2 Qc4 27.g3 Rc7 28.Qb6 Rc8 29.Qb4 Qf1
30.Qb7 Rc6  1/2-1/2

[Event "SWE-ch"]
[Site "Norrkoeping"]
[Date "1988.??.??"]
[Round "?"]
[White "Hartman, Christer"]
[Black "Bergstrom, Christer"]
[Result "1/2-1/2"]
[WhiteElo "2310"]
[BlackElo "2420"]

1.e4 c5 2.Nf3 Nc6 3.d4 cxd4 4.Nxd4 e6 5.Nc3 a6 6.Be2 Qc7 7.O-O Nf6 8.Kh1 Bb4
9.Nxc6 dxc6 10.Bd3 e5 11.f4 Bd6 12.f5 b5 13.a4 Rb8 14.Qe2 Nd7 15.axb5 axb5
16.Nd1 Bb7 17.c4 b4 18.b3 Bc5 19.Qg4 Kf8 20.Qe2 f6 21.Bd2 Qd6 22.Bc2 Kf7
23.Nf2 Bd4 24.Ra4 c5 25.Nd1 Ra8 26.Rxa8 Rxa8 27.Ne3 Ra2 28.Qd3 Nb6  1/2-1/2

[Event "SWE-ch"]
[Site "Norrkoeping"]
[Date "1988.??.??"]
[Round "?"]
[White "Johansson, Jan"]
[Black "Bergstrom, Christer"]
[Result "1/2-1/2"]
[WhiteElo "2330"]
[BlackElo "2420"]

1.e4 c5 2.Nf3 Nc6 3.d4 cxd4 4.Nxd4 e6 5.Nc3 a6 6.g3 Qc7 7.Bg2 Nf6 8.O-O Nxd4
9.Qxd4 Bc5 10.Qd3 h6 11.Be3 e5 12.Rad1 O-O 13.Bxc5 Qxc5 14.Nd5 Nxd5 15.Qxd5 Qxc2
16.Qxe5 d6 17.Rxd6 Be6 18.Qd4 Rac8 19.e5 Bxa2 20.Bxb7 Rb8 21.Bxa6 Qxb2 22.Qe4 Bb1
23.Bd3 Bxd3 24.Rxd3 Rb4 25.Qf5 Rb5 26.Re1 Qc2 27.Qf3 Re8 28.Rd7 Qg6 29.Qc3 Qf5
30.e6 Rxe6 31.Rxe6  1/2-1/2

[Event "SWE-ch"]
[Site "Norrkoeping"]
[Date "1988.??.??"]
[Round "?"]
[White "Ernst, Thomas"]
[Black "Bergstrom, Christer"]
[Result "1/2-1/2"]
[WhiteElo "2455"]
[BlackElo "2420"]

1.e4 c5 2.Nf3 Nc6 3.d4 cxd4 4.Nxd4 e6 5.Nc3 a6 6.g3 Qc7 7.Bg2 Nf6 8.O-O Nxd4
9.Qxd4 Bc5 10.Bf4 d6 11.Qd2 h6 12.Rad1 e5 13.Be3 Bg4 14.Bxc5 dxc5 15.f3 Be6
16.f4 O-O 17.Nd5 Bxd5 18.exd5 Qd6 19.fxe5 Qxe5 20.c4 Qd6 21.Qf4 Rad8 22.Rfe1 Qxf4
23.gxf4 Ne8 24.Re7 Nd6 25.b3 Rfe8 26.Rde1 Kf8 27.R7e5 b5 28.Bf1 bxc4 29.Bxc4 Rxe5
30.fxe5 Nxc4 31.bxc4 Rb8 32.Kf2 Rb4 33.Rc1 Ke7 34.Rc2 Rb1 35.Ke3 a5 36.Rd2 Re1+
37.Re2 Rb1 38.Kd3 a4 39.Kc2 Rf1 40.Rd2 Rf4 41.Kc3 Re4 42.d6+ Kd7 43.Rd5 f6
44.exf6 gxf6 45.Rxc5 Kxd6 46.Rd5+ Kc6 47.Rh5 Re2 48.a3 f5 49.Kb4 Rb2+ 50.Kxa4 f4
51.Rh4 f3 52.Rxh6+ Kc5 53.Rf6 f2 54.Rf4 Re2 55.h4 Re4 56.Rxf2 Rxh4 57.Rb2 Rxc4+
58.Ka5 Kc6 59.a4 Kc7 60.Rh2 Kb7 61.Kb5 Rg4 62.Rh7+ Ka8 63.Rh5 Rg6 64.a5 Ka7  1/2-1/2

[Event "Oakham YM"]
[Site "Oakham"]
[Date "1988.??.??"]
[Round "?"]
[White "Hennigan, Michael"]
[Black "Gdanski, Jacek"]
[Result "0-1"]
[WhiteElo "2300"]
[BlackElo "2355"]

1.e4 c5 2.Nf3 e6 3.d4 cxd4 4.Nxd4 Nc6 5.Nc3 Qc7 6.Be2 a6 7.O-O b5 8.Nxc6 dxc6
9.f4 Bb7 10.e5 Nh6 11.Bf3 Rd8 12.Qe1 Nf5 13.Ne4 Be7 14.c3 c5 15.g3 O-O 16.g4 Nh4
17.Bh1 Rd3 18.Be3 Rfd8 19.c4 bxc4 20.Qf2 Bd5 21.Rae1 Qc6 22.Nf6+ Bxf6 23.Bxd5 exd5
24.exf6 d4 25.Qxh4 dxe3 26.Re2 Rd1 27.Rxe3 Rxf1+ 28.Kxf1 Qh1+ 29.Kf2 Rd2+
30.Re2 Rxe2+ 31.Kxe2 Qe4+ 32.Kd2 Qxf4+ 33.Kc2 gxf6 34.Qg3 Qe4+ 35.Kc3 Qd4+
36.Kc2 Kg7 37.Qf3 Qe5 38.h3 Kg6 39.Qa3 Qd6 40.Qf3 Qd3+ 41.Qxd3+ cxd3+ 42.Kxd3 f5
43.a4 fxg4 44.hxg4 f5 45.gxf5+ Kxf5 46.Kc4 h5 47.Kxc5 h4 48.b4 h3  0-1

[Event "Oslo"]
[Site "Oslo"]
[Date "1988.??.??"]
[Round "?"]
[White "Jansa, Vlastimil"]
[Black "Poulsson, Eivind"]
[Result "1-0"]
[WhiteElo "2465"]
[BlackElo "2345"]

1.e4 c5 2.Nf3 Nc6 3.d4 cxd4 4.Nxd4 e6 5.Nc3 a6 6.g3 Qc7 7.Bg2 Nf6 8.O-O Be7
9.Re1 O-O 10.Nxc6 dxc6 11.e5 Rd8 12.Qf3 Nd5 13.h4 Nxc3 14.Qxc3 Bd7 15.Bg5 Be8
16.Bxe7 Qxe7 17.Rad1 a5 18.Rxd8 Qxd8 19.a3 a4 20.Qe3 Qa5 21.Rd1 Qb5 22.Qc3 c5
23.Rd6 Bc6 24.Bf1 Qb6 25.Qd2 h6 26.c3 Qc7 27.Bg2 Bxg2 28.Kxg2 Kf8 29.Qd3 g6
30.h5 c4 31.Qe4 gxh5 32.Qh7 Rd8 33.Rxe6  1-0

[Event "Oslo"]
[Site "Oslo"]
[Date "1988.??.??"]
[Round "?"]
[White "Djurhuus, Rune"]
[Black "Tisdall, Jonathan D"]
[Result "1/2-1/2"]
[WhiteElo "2315"]
[BlackElo "2425"]

1.e4 c5 2.Nf3 Nc6 3.d4 cxd4 4.Nxd4 e6 5.Nc3 a6 6.Be2 Qc7 7.f4 d6 8.Be3 Nf6
9.O-O Be7 10.a4 O-O 11.Kh1 Re8 12.Bf3 Rb8 13.Qe2 Nxd4 14.Bxd4 e5 15.Be3 Be6
16.Qf2 exf4 17.Bxf4 Rbc8 18.Rad1 Nd7 19.Qd4 Ne5 20.Nd5 Bxd5 21.Qxd5 Nxf3
22.Rxf3 Qc4 23.c3 Bf8 24.Bg3 Rxe4 25.Qxb7 Rc7 26.Qb8 Qxa4 27.Rfd3 Rce7 28.Qxd6 Rb7
29.Qd5 Rxb2 30.Rf1 Qe8 31.Rdf3 Re6 32.c4 g6 33.h3 Rbe2 34.c5 Qc6 35.Qxc6 Rxc6
36.Rxf7 Bxc5 37.Rd7 Re7 38.Rd8+ Kg7 39.Rc1 Ree6 40.Rd7+ Kh6 41.Bf4+  1/2-1/2

[Event "Paris-ch"]
[Site "Paris"]
[Date "1988.??.??"]
[Round "1"]
[White "Apicella, Manuel"]
[Black "Cebalo, Miso"]
[Result "0-1"]
[WhiteElo "2355"]
[BlackElo "2515"]

1.e4 c5 2.Nf3 e6 3.d4 cxd4 4.Nxd4 Nc6 5.Nc3 d6 6.Be2 Nf6 7.O-O Be7 8.Kh1 Bd7
9.f4 Nxd4 10.Qxd4 Bc6 11.Bf3 O-O 12.Be3 a6 13.Rad1 Rc8 14.e5 Ne8 15.Bxc6 Rxc6
16.f5 Qc8 17.fxe6 fxe6 18.Rxf8+ Bxf8 19.Bf4 d5 20.Qf2 Rc7 21.Be3 Rf7 22.Qe2 Rf5
23.Bd4 Bc5 24.Qe3 Bxd4 25.Qxd4 Nc7 26.Kg1 h6 27.a3 Qe8 28.Re1 Qc6 29.Rf1 Rxf1+
30.Kxf1 Na8 31.Ne2 Qxc2 32.Qa7 Nc7 33.g4 Qc6 34.Kf2 Kh7 35.Nd4 Qc4 36.Qb6 Nb5
37.Nxb5 Qf4+ 38.Ke2 Qxe5+ 39.Kd1 axb5 40.Qxb5 Qd4+ 41.Kc2  0-1

[Event "Paris-ch"]
[Site "Paris"]
[Date "1988.??.??"]
[Round "1"]
[White "Birmingham, Eric"]
[Black "Belkhodja, Slim"]
[Result "1-0"]
[WhiteElo "2300"]
[BlackElo "2390"]

1.e4 c5 2.Nf3 e6 3.d4 cxd4 4.Nxd4 Nc6 5.Nc3 d6 6.Be3 Nf6 7.Qd2 a6 8.f3 Qc7
9.g4 Nd7 10.O-O-O b5 11.Kb1 Nxd4 12.Bxd4 Bb7 13.Bd3 Nc5 14.Rhe1 O-O-O 15.a3 Rg8
16.f4 Be7 17.Qf2 h6 18.h4 Kb8 19.g5 hxg5 20.hxg5 f6 21.g6 Rh8 22.Rh1 e5 23.Be3 Rc8
24.Rh7 Rhg8 25.f5 d5 26.Nxd5 Bxd5 27.exd5 Na4 28.Rh4 Nc5 29.Bf1 Bd6 30.c4 e4
31.cxb5 Rh8 32.Rxh8 Rxh8 33.Qc2 Rh2 34.Qc4 Nd3 35.Bxd3 exd3 36.Qxd3 Be5 37.Bd4  1-0